000 00679nam a2200301Ia 4500
005 20260401122252.0
008 008 250103s9999 xx 000 0 eng d
020 _a8190340344
037 _aTB
040 _aEDL
040 _beng
040 _cEDL
041 _2eng
041 _aeng
084 _a811.5409 PER
084 _qEDL
100 _aPerkins, David
_91233085
245 0 _aHistory of Modern Poetry: Modernism and After
245 0 _cPerkins, David
260 _aNew Delhi
260 _bABS Publisher
260 _c2006
300 _a694p
942 _cTB
942 _h811.5409 PER
999 _c1846095
_d1846095